O traidor (Registo nº 201387)

Detalhes MARC
000 -Etiqueta do registo
Valores 00617nam 22002173 4500
010 ## - Número ISBN
ISBN 978-989-754-440-8
021 ## - Número do Depósito Legal
Número 466194/20
100 ## - Dados gerais de processamento
Dados gerais 20260319d u||y0pory50 ba
200 ## - Titulo e menção de responsabilidade
Título próprio O traidor
Primeira menção de responsabilidade Nelson DeMille e Alex DeMille
Outras menções de responsabilidade tradução de Isabel Alves
205 ## - Menção da edição
Edição
210 ## - Publicação
Local de publicação Barcarena
Nome do editor Marcador
Data de publicação 2020
215 ## - Descrição física 
Paginação / Volumes 533 p.
Outras indicações físicas brochado
Dimensões 23 cm
606 ## - Nome comum usado como assunto
ID Autoridade 16
Palavra de ordem Literatura Americana
675 ## - CDU
Notação 821.111(73)-3
Edição PT
Língua por
700 ## - Autor principal (pessoa individual)
ID Autoridade 478
Apelido Demille
Nome Nelson
Datas 1943-
701 ## - Co-autor principal (pessoa individual)
ID Autoridade 12938
Apelido DeMille
Nome Alex
801 ## - Fonte de origem
País PT
Agência BMMN
Regras de catalogação RPC
830 ## - Notas gerais do catalogador
Criado por Fernando
Indexado por Fernando
990 ## - Elementos KOHA
Tipo de documento Livro
Exemplares
Situação do levantamento Biblioteca de origem Código de barras Cota Permissão de empréstimo Tipo de documento Forma de aquisição
  Biblioteca Municipal de Montemor-o-Novo 30709 821.111(73)-3 DEM|LG   Livro Compra

Powered by Koha